banner-ar

عقد الجمان فى تاريخ اهل الزمان : (Record no. 8977)

MARC details
000 -الفاتح
حقل البيانات ثابتة الطول 00999nam a2200217Ia 4500
005 - وقت وتاريخ اخر تعامل مع التسجيلة
رقم الضبط 20240530095627.0
008 - عناصر البيانات ثابتة الطول - معلومات عامة
حقل البيانات ثابتة الطول 140319s9999 xx 000 0 ara d
040 ## - مصدر الفهرسة
وكالة الفهرسة الأصلية GCL /
وكالة النسخ GCL
082 04 - رقم تصنيف ديوى العشرى
رقم التصنيف 953.082
رقم المادة ق/ع ع
100 1# - المدخل الرئيسى - إسم شخصى
الإسم الشخصى العينى : بدرالدين ابو محمد محمود بن احمد بن موسى بن احمد
245 10 - بيان العنوان
العنوان عقد الجمان فى تاريخ اهل الزمان :
بقية العنوان عصر سلاطين المماليك ( 4 ) حوادث وتراجم 699 - 707 هـ 1299 - 1307 م /
بيان المسئوليه,etc العينى : بدرالدين ابو محمد محمود بن احمد بن موسى بن احمد
250 ## - بيان الطبعة
بيان الطبعة الثانية
260 ## - PUBLICATION, DISTRIBUTION, ETC. (IMPRINT)
تاريخ النشر أو التوزيع 1992
300 ## - الوصف المادى
التعداد 661 ص ؛
أبعاد الوعاء 28 سم
650 04 - المدخل الاضافى بالموضوع-مصطلح موضوعى
مصطلح موضوعي دولة المماليك
650 04 - المدخل الاضافى بالموضوع-مصطلح موضوعى
مصطلح موضوعي المماليك البحرية
650 04 - المدخل الاضافى بالموضوع-مصطلح موضوعى
مصطلح موضوعي مصر - تاريخ - العصر الاسلامى
700 1# - المدخل الاضافى - اسم شخصى
الإسم الشخصى محمد محمد امين
942 ## - عناصر المدخل الإضافي( كوها)
مصدر التصنيف او مخطط الترفيف Dewey Decimal Classification
Koha [default] item type كتاب
260 ## - PUBLICATION, DISTRIBUTION, ETC. (IMPRINT)
-- القاهرة :
-- الهيئة المصرية العامة للكتاب ،
Holdings
حالة التراجع حالة الفقد حالة تلف ليس للاعارة المكان المؤقت الموقع الحالى تاريخ الاكتساب اجمالي اﻻعارات رقم الطلب الباركود تاريخ اخر مشاهدة تاريخ تفعيل السعر نوع وعاء كوها
        مكتبة القاهرة الكبرى مكتبة القاهرة الكبرى 03/26/2014   953.082 ق/ ع ع 18757 03/26/2014 03/26/2014 كتاب
        مكتبة القاهرة الكبرى مكتبة القاهرة الكبرى 03/26/2014   953.082 ق/ ع ع 18758 03/26/2014 03/26/2014 كتاب
        مكتبة القاهرة الكبرى مكتبة القاهرة الكبرى 03/26/2014   953.082 ق/ ع ع 18759 03/26/2014 03/26/2014 كتاب

Powered By

EGPV